| 000 | 01278nam a2200337 a 4500 | ||
|---|---|---|---|
| 001 | 57829 | ||
| 003 | CO-BoRNBP | ||
| 005 | 20250731143808.0 | ||
| 007 | ta | ||
| 008 | 061229s2004 ck a jr 0001j spa d | ||
| 020 | _a9580480311 | ||
| 040 |
_aCO-BoBLA _bspa _cCO-BoBLA |
||
| 043 | _ae-ur--- | ||
| 082 | 0 | 4 |
_aI891.7308 _bS43 _220 |
| 245 | 0 | 4 |
_aLos siete mejores cuentos rusos / _cselección y adaptación Natalia Voronina ; ilustraciones Muyi Neira. |
| 250 | _aEdición María Villa. | ||
| 300 |
_a53 p. : _bil. ; _c28 cm. |
||
| 336 |
_2rdacontent _atexto _btxt |
||
| 337 |
_2rdamedia _asin mediación _bn |
||
| 338 |
_2rdacarrier _avolumen _bnc |
||
| 505 | 0 |
_tMasha y el oso ; _tZorra y el lobo ; _tHermana Alenushka y hermanito Ivanushka ; _tMorozko, el espiritú del frío ; _tPrincesa rana ; _tAlfarero ; _tCampesino y el conejo. |
|
| 650 | 7 |
_aFrío _v Cuentos infantiles. _2BLAAUTO _961745 |
|
| 650 | 7 |
_aCuentos rusos _v Colecciones. _2BLAAUTO _961746 |
|
| 650 | 7 |
_aConejos _vCuentos infantiles. _2BLAAUTO _961747 |
|
| 700 | 1 |
_aVilla, María, _eed. _961748 |
|
| 700 | 1 |
_aVoronina, Natalia. _961749 |
|
| 700 | 1 |
_aNeira, Muyi, _d1974- _eil. _961750 |
|
| 830 | 0 |
_aLista Básica-Bibliotecas Públicas 2. _942480 |
|
| 942 |
_2ddc _cBK |
||
| 949 |
_an _bn |
||
| 999 |
_c57829 _d57829 |
||